00658 a2200253 4500260001000000630008100010650002800091100002300119700001600142260002600158245002400184300000900208650003100217650002200248260000900270300001000279100000800289037001100297250002300308700002200331700000800353700002500361020001800386 aParis a65 - Gestion et organisation de l'industrie, du commerce et des transports a6 - SCIENCES APPLIQUEES aTeixido, Christian aRak, Ignace bLes édition foucher aApproches système a383p aIndustrie : projet : cours aMarketing : cours c1992 b29 cm lFr. aS 6274 aNouvelle édition aCazénaud, Marie aCol aCol, Favier, Josette a2-216-00591-8